Essays analytical, critical and philological on subjects connected with sanskrit literature / (Record no. 167938)

MARC details
000 -LEADER
campo de control de longitud fija 00894nam a2200217 i 4500
001 - NÚMERO DE CONTROL
campo de control 167938
003 - IDENTIFICADOR DE NÚMERO DE CONTROL
campo de control ES-MaACL
005 - FECHA Y HORA DE LA ÚLTIMA TRANSACCIÓN
campo de control 20250801144637.0
008 - DATOS DE LONGITUD FIJA--INFORMACIÓN GENERAL
campo de control de longitud fija 050930m18641865xxk | |||||||| ||eng d
040 ## - FUENTE DE CATALOGACIÓN
Centro catalogador/agencia de origen CAM
Lengua de catalogación spa
Centro/agencia transcriptor CAM
100 1# - ENTRADA PRINCIPAL--NOMBRE DE PERSONA
Nombre de persona Wilson, Horace Hayman.
9 (RLIN) 133940
245 10 - MENCIÓN DEL TÍTULO
Título Essays analytical, critical and philological on subjects connected with sanskrit literature /
Mención de responsabilidad, etc. by the late H.H. Wilson; collected and edited by Reinhold Rost.
260 ## - PUBLICACIÓN, DISTRIBUCIÓN, ETC.
Lugar de publicación, distribución, etc. London :
Nombre del editor, distribuidor, etc. Trübner & co.,
Fecha de publicación, distribución, etc. 1864-1865 (
Lugar de fabricación/manufactura Berlin :
Fabricante Unger Brothers)
300 ## - DESCRIPCIÓN FÍSICA
Extensión 3 v. (XIII, 392; 400; 390 p.) ;
Dimensiones 23 cm.
490 1# - MENCIÓN DE SERIE
Mención de serie Works by the late Horace Hayman Wilson ;
Designación de volumen o secuencia 3; 4; 5
650 #7 - PUNTO DE ACCESO ADICIONAL DE MATERIA--TÉRMINO DE MATERIA
Término de materia o nombre geográfico como elemento de entrada Literatura sánscrita
Fuente del encabezamiento o término embne
9 (RLIN) 136435
700 1# - ENTRADA AGREGADA--NOMBRE PERSONAL
Nombre de persona Rost, Reinhold.
9 (RLIN) 132083
830 0# - PUNTO DE ACCESO ADICIONAL DE SERIE-TÍTULO UNIFORME
Título uniforme Works by the late Horace Hayman Wilson ;
Designación de volumen o secuencia 3; 4; 5
9 (RLIN) 188774
852 ## - LOCALIZACIÓN
Ubicación ES-MaACL
Número de control de estantería G-11700-02
Nota libre -- Enc. tela
Holdings
Estatus retirado Estado de pérdida Estado de daño No para préstamo Colección Biblioteca de origen Biblioteca actual Ubicación en estantería Fecha de adquisición Total de préstamos Signatura topográfica completa Código de barras Visto por última vez Precio de reemplazo Tipo de ítem Koha
        Libros del s. XIX Biblioteca del Ateneo de Madrid Biblioteca del Ateneo de Madrid Sala Pecera Planta 3 17/01/2008   G-11700-02 1176186 23/02/2023 23/02/2023 Libro impreso antiguo